| 000 | 01173cam a2200337 i 4500 | ||
|---|---|---|---|
| 999 |
_c200452951 _d71163 |
||
| 001 | 200452951 | ||
| 003 | TR-AnTOB | ||
| 005 | 20250418151549.0 | ||
| 007 | ta | ||
| 008 | 220224s2000 tu 000 0 tur d | ||
| 020 | _a975458169X | ||
| 040 |
_aBGZ _beng _erda _cBGZ _dTR-AnTOB |
||
| 041 | 0 | _atur | |
| 050 | 1 | _aHX810.5.Z6 | |
| 090 |
_aHX810.5.Z6 _bU74 2000 |
||
| 245 | 1 | 0 |
_aUtopia : _bThomas More (Mina Urgan’ın İncelemesiyle) / _cThomas More ; çevirenler Vedat Günyol, Sabahattin Eyüboğlu, Mina Urgan. |
| 250 | _aİkinci basım Eylül 2000 | ||
| 264 | 1 |
_aİstanbul : _bTürkiye İş Bankası Kültür Yayınları, _c2000. |
|
| 300 |
_a159 pages ; _c23 cm |
||
| 336 |
_atext _2rdacontent _btxt |
||
| 337 |
_aunmediated _2rdamedia _bn |
||
| 338 |
_avolume _2rdacarrier _bnc |
||
| 490 | 0 |
_aGenel yayın ; _v424 _aEdebiyat Dizisi ; _v49 |
|
| 600 | 1 | 0 |
_aMore, Thomas, _cSaint, _d1478-1535 _9104505 |
| 650 | 0 |
_aUtopias _970269 |
|
| 700 | 1 |
_aEyuboğlu, Sabahattin, _d1908-1973 _etranslator _926090 |
|
| 700 |
_aGünyol, Vedat, _d1911-2004 _etranslator _937043 |
||
| 700 | 1 |
_aUrgan, Mina, _d1916-2000 _etranslator _98159 |
|
| 942 |
_2lcc _cBK |
||